| 000 | 02698nam0a2200469 4500 | ||
|---|---|---|---|
| 001 | RU\NLR\BIBL_A\022525689 | ||
| 005 | 20260420043359.0 | ||
| 010 |
_a978-5-7996-3938-9 _9100 |
||
| 021 |
_aRU _bКН-П-25-010776 _9КН-П-25-1094 |
||
| 035 | _a(NLR Aleph) 022525689 | ||
| 090 |
_a13671778 _c13671778 |
||
| 100 | _a20250418d2024 k y0rusy50 ca | ||
| 101 | 0 | _arus | |
| 102 | _aRU | ||
| 105 | _aach z 000zy | ||
| 181 | 0 |
_ai3 _baxxe |
|
| 182 | 0 | _an | |
| 200 | 1 |
_aО строении книжном _eмонография _fН. В. Ануфриева, С. А. Белобородов, П. А. Мангилев [и др.] _gпод общей редакцией И. В. Починской _gУральский федеральный университет |
|
| 203 |
_aТекст _bвизуальный _cнепосредственный |
||
| 210 |
_aЕкатеринбург _cИзд-во Уральского университета _d2024 |
||
| 215 |
_a156, [1] с. _cил., цв. ил., табл., портр., факс. _d30 |
||
| 225 | 1 | _aУральская гуманитарная инициатива | |
| 300 | _aНа 4-й с. обл. авт.: Ануфриева Н. В., Белобородов С. А. - канд. ист. наук, доц., Мангилев П. И. - канд. ист. наук, доц. [и др.] | ||
| 300 | _aАвт. указаны на обороте тит. с. | ||
| 606 | 1 |
_aКириллические рукописные книги _yРоссия _92312173 _3RU\NLR\AUTH\6601609285 |
|
| 606 | 1 |
_aСтаропечатные книги _yРоссия _91525502 _3RU\NLR\AUTH\66965224 |
|
| 606 | 1 |
_aКнижная иллюстрация русская _92491936 _3RU\NLR\AUTH\661478546 |
|
| 606 | 1 |
_aМиниатюры в рукописях древнерусские _92391416 _3RU\NLR\AUTH\661426100 |
|
| 686 | 1 | _aЧ611.53(28) | |
| 686 | 1 | _aЧ611.63(28) | |
| 686 | 1 | _aЩ143(2Р=Рус)3-468.6 | |
| 686 | 1 | _aЩ153(2Р=Рус)-475 | |
| 701 | 1 |
_aАнуфриева _bН. В. _gНаталья Викторовна |
|
| 701 | 1 |
_aБелобородов _bС. А. _f1966- _gСергей Анатольевич |
|
| 701 | 1 |
_7ca _8rus _aМангилёв _bП. И. _f1966- _gПетр Иванович _9189633 _3RU\NLR\AUTH\770189684 |
|
| 702 | 1 |
_aПочинская _bИ. В. _gИрина Викторовна _4340 |
|
| 712 | 0 | 2 |
_4570 _aУральский федеральный университет им. первого Президента России Б. Н. Ельцина _cЕкатеринбург _9832088 _3RU\NLR\AUTH\8810168127 |
| 942 | _cBOOK | ||
| 980 | _aNB | ||